Imported agriculture: updated planning and communication could enhance agency coordination of inspections : report to congressional committees.

Bibliographic Details
Corporate Author: United States. Government Accountability Office (Author)
Format: Government Document eBook
Language:English
Published: Washington, DC : United States Government Accountability Office, 2021.
Subjects:
Online Access:https://purl.fdlp.gov/GPO/gpo187390

MARC

Tag First Indicator Second Indicator Subfields
LEADER 00000nam a2200000 i 4500
001 in00004641421
006 m o d f
007 cr |||||||||||
008 210909s2021 dcua ob f000 0 eng c
005 20230113210717.9
035 |a (OCoLC)on1297877854 
040 |a XND  |b eng  |e rda  |e pn  |c XND  |d GPO  |d MvI 
042 |a pcc 
043 |a n-us--- 
049 |a WWW 
074 |a 0546-D (online) 
086 0 |a GA 1.13:GAO-21-471 
088 |a GAO-21-471 
110 1 |a United States.  |b Government Accountability Office,  |0 https://id.loc.gov/authorities/names/no2004066329  |e author. 
245 1 0 |a Imported agriculture: updated planning and communication could enhance agency coordination of inspections : report to congressional committees. 
246 3 0 |a Updated planning and communication could enhance agency coordination of inspections 
264 1 |a Washington, DC :  |b United States Government Accountability Office,  |c 2021. 
300 |a 1 online resource (iii, 31 pages) :  |b color illustrations 
336 |a text  |b txt  |2 rdacontent 
337 |a computer  |b c  |2 rdamedia 
338 |a online resource  |b cr  |2 rdacarrier 
500 |a "June 2021." 
500 |a "GAO-21-471." 
500 |a GPO Cataloging Record Distribution Program (CRDP). 
504 |a Includes bibliographical references. 
588 |a Description based on online resource, PDF version; title from cover (GAO, viewed on Oct. 7, 2022). 
610 2 0 |a U.S. Customs and Border Protection.  |0 https://id.loc.gov/authorities/names/no2004040772 
610 1 0 |a United States.  |b Animal and Plant Health Inspection Service.  |0 https://id.loc.gov/authorities/names/n79110456 
650 0 |a Introduced organisms  |0 https://id.loc.gov/authorities/subjects/sh2002000268  |z United States  |0 https://id.loc.gov/authorities/names/n78095330-781  |x Prevention.  |0 https://id.loc.gov/authorities/subjects/sh99002416 
650 0 |a Agricultural pests  |x Control  |0 https://id.loc.gov/authorities/subjects/sh85002386  |z United States.  |0 https://id.loc.gov/authorities/names/n78095330-781 
650 0 |a Plant inspection  |0 https://id.loc.gov/authorities/subjects/sh85102755  |z United States.  |0 https://id.loc.gov/authorities/names/n78095330-781 
650 0 |a Animals  |x Inspection  |0 https://id.loc.gov/authorities/subjects/sh2009005248  |z United States.  |0 https://id.loc.gov/authorities/names/n78095330-781 
856 4 0 |u https://purl.fdlp.gov/GPO/gpo187390  |t 0 
999 f f |s fc9b268b-6b5b-40c6-be06-e5adff94af66  |i eaf16d07-ee16-48e9-804d-4e426fdac499  |t 0 
952 f f |a Texas A&M University  |b College Station  |c Electronic Resources  |d Available Online  |t 0  |e GA 1.13:GAO-21-471  |h Superintendent of Documents classification 
998 f f |a GA 1.13:GAO-21-471  |t 0  |l Available Online